| 000 | 00990cam a22003015i 4500 | ||
|---|---|---|---|
| 999 |
_c28947 _d28918 |
||
| 001 | 15361070 | ||
| 003 | EG-ScBUE | ||
| 005 | 20201018122845.0 | ||
| 008 | 080710t20122012enka f b 001 0 eng d | ||
| 020 | _a9780077132590 | ||
| 020 | _a0077132599 | ||
| 035 | _a(OCoLC)ocn191927429 | ||
| 040 |
_aBTCTA _beng _erda _cBTCTA _dBAKER _dYDXCP _dBWX _dNDL _dDLC _dEG-ScBUE |
||
| 082 | 0 | 4 |
_a658.4 _bTHO _222 |
| 100 | 1 |
_aThomsen, Steen, _eauthor. _931951 |
|
| 245 | 1 | 3 |
_aCorporate governance : _bmechanisms and systems / _cSteen Thomsen, Martin Conyon. |
| 264 | 1 |
_aLondon : _bMcGraw-Hill Higher Education, _c[2012] |
|
| 264 | 4 | _cc2012 | |
| 300 |
_a246 pages : _billustrations ; _c23 cm |
||
| 336 |
_atext _btxt _2rdacontent |
||
| 337 |
_aunmediated _bn _2rdamedia |
||
| 338 |
_avolume _bnc _2rdacarrier |
||
| 504 | _aIncludes bibliographical references and index. | ||
| 650 | 7 |
_aCorporate governance. _2BUEsh |
|
| 653 |
_bENGGEN _cOctober2020 |
||
| 700 | 1 |
_aConyon, Martin, _eauthor. |
|
| 942 |
_2ddc _cBB |
||